00470nam a2200157Ia 45000010006000000050017000060080041000230410008000640820017000721000034000892450136001232600009002593000028002686500008002966540008003041321820260306163037.0260306t2017||||xx |||||||||||||| ||spa|| aESP a001.42bC28A aCarrasco Díaz, Sergio,eAUT 0aMetodología de la investigación científica :bpautas metodológicas para diseñar y elaborar el proyecto de investigación c2017 a476 páginas :c21 cm. aGEN aCHU